Conceptual modeling for E-Business and the Web: ER 2000 Workshops
Guardat en:
| Autors principals: | , , |
|---|---|
| Format: | Llibre |
| Idioma: | anglès |
| Publicat: |
Berlín
Springer
2000
|
| Col·lecció: | Lecture Notes in Computer Science, 1921
|
| Matèries: | |
| Etiquetes: |
Afegir etiqueta
Sense etiquetes, Sigues el primer a etiquetar aquest registre!
|
MARC
| LEADER | 00000nam a2200000 a 4500 | ||
|---|---|---|---|
| 001 | UCN5219 | ||
| 003 | CL-VaPUC | ||
| 005 | 20250224160120.0 | ||
| 008 | 010824e20000000gw 1 eng d | ||
| 082 | 0 | 4 | |a 658.84 |b LID |2 21 |
| 100 | 1 | |a Liddle, Stephen W |e author |9 619959 | |
| 700 | 1 | |a Mayr, Heinrich C |e author |9 619960 | |
| 700 | 1 | |a Thalheim, Bernhard |e author |9 619961 | |
| 245 | 1 | 0 | |a Conceptual modeling for E-Business and the Web: ER 2000 Workshops |
| 260 | |a Berlín |b Springer |c 2000 | ||
| 300 | |a 177 p | ||
| 490 | 0 | |a Lecture Notes in Computer Science, 1921 | |
| 583 | |a last modification |c 20010824 00:00:00 |k Rodrigo Vera | ||
| 650 | 0 | 0 | |a Comercio electrónico |9 428366 |
| 650 | 0 | 0 | |a Gestión de ventas |9 407932 |
| 650 | 0 | 0 | |a Marketing |9 259324 |
| 650 | 0 | 0 | |a Seguridad |9 354178 |
| 650 | 0 | 0 | |a Páginas web |9 386845 |
| 650 | 0 | 0 | |a Páginas web |x Diseño |9 436463 |
| 942 | |c BK | ||
| 945 | |a cmena |d 20010824 00:00:00 | ||
| 546 | |a En Inglés | ||
| 518 | |p Conceptual Modeling Approaches for E-Business and the World Wide Web and Conceptual Modeling, Utah, 9 al 12 de octubre 2000 | ||
| 999 | |c 383686 |d 383684 | ||
| 952 | |0 0 |1 0 |4 0 |6 658_840000000000000_LID_2000 |7 0 |8 A |9 505896 |a BIBING |b BIBING |d 2020-01-23 |i 3737608 |o 658.84 LID 2000 |p 3737608 |r 2025-01-20 |w 2020-01-23 |y BK |k EII | ||